Southville International School and Colleges
Your cart is empty.
  • Cart
  • Lists
    Public lists Eva Luna New books Lux_list list_1
    Your lists Log in to create your own lists
  • Log in to your account
  • Your cookies
  • Search history
Southville International School and Colleges
  • Advanced search
  • Recent comments
  • Most popular
  • Libraries

Log in to your account

Log in with GOOGLE


If you do not have an external account, but do have a local account, you can still log in:

  1. Home
  2. MARC view: Nuclear madness
Normal view MARC view ISBD view

Nuclear madness (Record no. 15177)

[ view plain ]
MARC details
000 -LEADER
fixed length control field 00898cam a2200325 i 4500
001 - CONTROL NUMBER
control field 4670513
003 - CONTROL NUMBER IDENTIFIER
control field OSt
005 - DATE AND TIME OF LATEST TRANSACTION
control field 20140310182702.0
008 - FIXED-LENGTH DATA ELEMENTS--GENERAL INFORMATION
fixed length control field 800313s1979 at b 000 0 eng
010 ## - LIBRARY OF CONGRESS CONTROL NUMBER
LC control number 80457002
015 ## - NATIONAL BIBLIOGRAPHY NUMBER
National bibliography number Aus***
020 ## - INTERNATIONAL STANDARD BOOK NUMBER
International Standard Book Number 0553227742
040 ## - CATALOGING SOURCE
Original cataloging agency DLC
Transcribing agency DLC
Modifying agency DLC
050 00 - LIBRARY OF CONGRESS CALL NUMBER
Classification number TK 9153
Item number .C146 1982
082 00 - DEWEY DECIMAL CLASSIFICATION NUMBER
Classification number M 363.799
Item number C12 1982
100 1# - MAIN ENTRY--PERSONAL NAME
Personal name Caldicott, Helen.
245 10 - TITLE STATEMENT
Title Nuclear madness
Statement of responsibility, etc Caldicott, Helen
260 ## - PUBLICATION, DISTRIBUTION, ETC. (IMPRINT)
Place of publication, distribution, etc New York, NY :
Name of publisher, distributor, etc Bantam Books Inc.,
Date of publication, distribution, etc c1982.
300 ## - PHYSICAL DESCRIPTION
Extent 125 p. ;
Dimensions 17 cm.
504 ## - BIBLIOGRAPHY, ETC. NOTE
Bibliography, etc Bibliography: p. 111-120.
521 ## - TARGET AUDIENCE NOTE
Target audience note
526 ## - STUDY PROGRAM INFORMATION NOTE
Reading level 1210L-1700L
541 ## - IMMEDIATE SOURCE OF ACQUISITION NOTE
-- 1
562 ## - COPY AND VERSION IDENTIFICATION NOTE
Number of copies 1
650 #0 - SUBJECT ADDED ENTRY--TOPICAL TERM
Topical term or geographic name as entry element Nuclear energy.
700 1# - ADDED ENTRY--PERSONAL NAME
Personal name Herrington, Nancy,
Relator term joint author.
700 1# - ADDED ENTRY--PERSONAL NAME
Personal name Stiskin, Nahum,
Dates associated with a name 1945-
Relator term joint author.
906 ## - LOCAL DATA ELEMENT F, LDF (RLIN)
a 7
b cbc
c orignew
d 4
e ncip
f 19
g y-gencatlg
942 ## - ADDED ENTRY ELEMENTS (KOHA)
Source of classification or shelving scheme Library of Congress Classification
Koha item type Books
Call number prefix
Holdings
Withdrawn status Lost status Source of classification or shelving scheme Damaged status Home library Current library Shelving location Date acquired Total Checkouts Full call number Barcode Date last seen Copy number Price effective from Koha item type
    Library of Congress Classification   College Library College Library General Circulation Section 04/19/2012   TK 9153 .C146 1982 C1688 05/15/2018 1 04/19/2012 Books

Nuclear madness

APA

Caldicott H., Herrington N. & Stiskin N. (1982). Nuclear madness. New York, NY: Bantam Books Inc.

Chicago

Caldicott Helen, Herrington Nancy and Stiskin Nahum. 1982. Nuclear madness. New York, NY: Bantam Books Inc.

Harvard

Caldicott H., Herrington N. and Stiskin N. (1982). Nuclear madness. New York, NY: Bantam Books Inc.

MLA

Caldicott Helen, Herrington Nancy and Stiskin Nahum. Nuclear madness. New York, NY: Bantam Books Inc. 1982.

  • Place hold
  • Print
  • Cite
  • Add to your cart (remove)
  • Save record
    BIBTEX Dublin Core MARCXML MARC (non-Unicode/MARC-8) MARC (Unicode/UTF-8) MARC (Unicode/UTF-8, Standard) MODS (XML) RIS
  • More searches
    Search for this title in:
    Other Libraries (WorldCat) Other Databases (Google Scholar) Online Stores (Bookfinder.com) Open Library (openlibrary.org)

Exporting to Dublin Core...

SOUTHVILLE LIBRARY

Southville International School and Colleges Library

1281 Tropical Ave. Cor. Luxembourg St., BF Homes International, Las Pinas City

Tel. No. 8256374 / 252358 Loc. 117/146

Powered by Koha